Oilseeds production, processing and trade : A policy framework (Record no. 44051)
[ view plain ]
| 000 -LEADER | |
|---|---|
| fixed length control field | 00338nam a2200121Ia 4500 |
| 082 ## - DEWEY DECIMAL CLASSIFICATION NUMBER | |
| Classification number | 338.43.01 |
| Item number | NAB |
| 100 ## - MAIN ENTRY--AUTHOR NAME | |
| Personal name | Shenoi, P V |
| 245 #0 - TITLE STATEMENT | |
| Title | Oilseeds production, processing and trade : A policy framework |
| 260 ## - PUBLICATION, DISTRIBUTION, ETC. (IMPRINT) | |
| Place of publication | Mumbai |
| Name of publisher | NABARD |
| Year of publication | 2003 |
| 490 ## - SERIES STATEMENT | |
| Series statement | Occasional paper 26 |
| 942 ## - ADDED ENTRY ELEMENTS (KOHA) | |
| Koha item type | Books |
| Withdrawn status | Lost status | Damaged status | Not for loan | Home library | Current library | Date acquired | Source of acquisition | Full call number | Accession Number | Koha item type |
|---|---|---|---|---|---|---|---|---|---|---|
| RRII Library | RRII Library | 16/12/2021 | Gift | 338.43.01 NAB | G00799 | Books |